[Event "Kenta op Online"]
[Site "chess.com"]
[Date "2020.10.25"]
[Round "3.1"]
[White "Allard, Laurent"]
[Black "Brassard, Sylvain"]
[Result "1-0"]
[WhiteElo "2141"]
[BlackElo "1694"]
[PlyCount "39"]
[EventDate "2020.10.11"]
[EventType "swiss"]
[EventRounds "5"]
[EventCountry "CAN"]

1. e4 d5 2. exd5 Qxd5 3. Nc3 Qd6 4. d4 Nf6 5. Nf3 a6 6. g3 Bg4 7. Bg2 Nc6 8.
O-O O-O-O 9. d5 Ne5 10. Bf4 Nxf3+ 11. Bxf3 Bxf3 12. Qxf3 e5 13. dxe6 Qxe6 14.
Bg5 Bd6 15. Rae1 Be5 16. Na4 Rhe8 17. Nc5 Qd5 18. Qxd5 Rxd5 19. Nd3 Bxg3 20.
Bxf6 1-0

[Event "Kenta op Online"]
[Site "chess.com"]
[Date "2020.10.25"]
[Round "3.3"]
[White "Magner, Wilhelm"]
[Black "Wang, Rachel"]
[Result "1/2-1/2"]
[WhiteElo "1459"]
[BlackElo "1813"]
[PlyCount "71"]
[EventDate "2020.10.11"]
[EventType "swiss"]
[EventRounds "5"]
[EventCountry "CAN"]

1. d4 d5 2. Bf4 Nf6 3. e3 c5 4. c3 Nc6 5. Nf3 Qb6 6. Qb3 c4 7. Qc2 Bf5 8. Qc1
e6 9. Nbd2 Qd8 10. Be2 Be7 11. h3 b5 12. b3 O-O 13. O-O a5 14. a4 bxa4 15. bxc4
dxc4 16. Nxc4 a3 17. Nxa3 a4 18. Bb5 Na5 19. Bxa4 Nd5 20. c4 Nxf4 21. exf4 Bd3
22. Re1 Bxa3 23. Rxa3 Bxc4 24. Bc2 Bd5 25. Be4 Bxe4 26. Rxe4 Nc6 27. Rxa8 Qxa8
28. Qc5 Nb4 29. Re2 Nd5 30. f5 Rc8 31. Qd6 exf5 32. Re5 Rd8 33. Qc5 g6 34. Re1
Nf4 35. Qc4 Ne6 36. Rxe6 1/2-1/2

[Event "Kenta op Online"]
[Site "chess.com"]
[Date "2020.10.25"]
[Round "3.4"]
[White "Potvin-Giroux, Joey"]
[Black "Latorre, Vincent"]
[Result "0-1"]
[WhiteElo "1562"]
[BlackElo "1941"]
[PlyCount "68"]
[EventDate "2020.10.11"]
[EventType "swiss"]
[EventRounds "5"]
[EventCountry "CAN"]

1. e4 g6 2. d4 Bg7 3. Nc3 d6 4. Be3 a6 5. Qd2 b5 6. Bd3 Nd7 7. Nf3 Bb7 8. a3
Rc8 9. O-O c5 10. dxc5 Nxc5 11. Bxc5 Rxc5 12. Rad1 Nh6 13. e5 Bxf3 14. gxf3
Rxe5 15. Be4 O-O 16. f4 Rc5 17. f3 Nf5 18. Rfe1 Nd4 19. Nd5 e6 20. Ne3 d5 21.
c3 Nb3 22. Qc2 Na5 23. Bd3 Qb8 24. Ng2 Nc4 25. Bxc4 bxc4 26. Rb1 Rb5 27. Re2
Rb3 28. Ree1 Qb6+ 29. Kf1 Rb8 30. f5 gxf5 31. Re2 Rxc3 32. bxc3 Qxb1+ 33. Kf2
Qxc2 34. Rxc2 Rb3 0-1

[Event "Kenta op Online"]
[Site "chess.com"]
[Date "2020.10.25"]
[Round "3.5"]
[White "Adam, Rafael"]
[Black "Bilodeau-Savaria, Carl-William"]
[Result "1/2-1/2"]
[WhiteElo "1907"]
[BlackElo "1568"]
[PlyCount "114"]
[EventDate "2020.10.11"]
[EventType "swiss"]
[EventRounds "5"]
[EventCountry "CAN"]

1. d4 d5 2. c4 e6 3. Nc3 c6 4. cxd5 exd5 5. Nf3 Be7 6. Bf4 Nf6 7. e3 Be6 8. Bd3
Nbd7 9. h3 O-O 10. Qc2 g6 11. Ng5 Nh5 12. Nxe6 fxe6 13. Bh2 Bh4 14. O-O Ng7 15.
Ne2 Qe7 16. Nf4 e5 17. dxe5 Nxe5 18. Be2 Rad8 19. Nd3 Bf6 20. Rac1 Kh8 21. Qb3
Nc4 22. Rc2 Ne6 23. a3 a5 24. Qa2 a4 25. Nf4 Nxf4 26. Bxf4 Na5 27. Rd1 Nb3 28.
Bd3 Bh4 29. Re2 g5 30. Bg3 Bxg3 31. fxg3 Qe5 32. g4 Rf7 33. Bc2 Nc5 34. Bf5 Qg3
35. e4 Re8 36. Rde1 Rfe7 37. Qb1 Qd3 38. e5 Qd4+ 39. Kh1 Rxe5 40. Rxe5 Rxe5 41.
Rxe5 Qxe5 42. Bxh7 Ne4 43. Bxe4 dxe4 44. Qc2 Qd4 45. Qe2 Kg7 46. Kh2 Qd3 47.
Qe1 e3 48. Kg1 c5 49. g3 b5 50. Qc1 c4 51. Qe1 Kg6 52. h4 Qd2 53. Qb1+ Kg7 54.
Qe4 Qc1+ 55. Kg2 Qxb2+ 56. Kh3 e2 57. Qe7+ Kh8 1/2-1/2

[Event "Kenta op Online"]
[Site "chess.com"]
[Date "2020.10.25"]
[Round "3.6"]
[White "Bilodeau-Savaria, Sandy-Rose"]
[Black "Dube, Daniel"]
[Result "1-0"]
[WhiteElo "1537"]
[BlackElo "1737"]
[PlyCount "141"]
[EventDate "2020.10.11"]
[EventType "swiss"]
[EventRounds "5"]
[EventCountry "CAN"]

1. d4 Nf6 2. c4 g6 3. Nc3 Bg7 4. e4 d6 5. h3 O-O 6. Nf3 e5 7. d5 Nh5 8. Be2 Nf4
9. Bxf4 exf4 10. Qd2 Na6 11. Qxf4 f5 12. O-O fxe4 13. Qxe4 Bf5 14. Qe3 Qf6 15.
Qd2 Nc5 16. Rad1 h6 17. Nd4 Bd7 18. b4 Na6 19. a3 Qf4 20. Qd3 Qf6 21. Ne4 Qxd4
22. Qxd4 Bxd4 23. Rxd4 Rae8 24. Ng3 Re5 25. Bd3 g5 26. Rc1 Be8 27. c5 Nb8 28.
cxd6 cxd6 29. Rc7 Rf7 30. Rxf7 Bxf7 31. Nf5 Kf8 32. Nxh6 Rxd5 33. Rxd5 Bxd5 34.
Nf5 Nc6 35. Nxd6 Ke7 36. Nxb7 Nxb4 37. axb4 Bxb7 38. g4 Kf6 39. Kh2 Ke5 40. Kg3
Kd4 41. Bf1 Ke5 42. h4 gxh4+ 43. Kxh4 Kf4 44. g5 Bd5 45. Kh5 Kf3 46. Kh6 Kxf2
47. Bd3 Ke3 48. Bh7 Kd4 49. Kg7 Kc3 50. Bg8 Be4 51. Bh7 Bd5 52. b5 Kb4 53. Bd3
Kc3 54. Bf1 Kd4 55. Kf6 Bg8 56. g6 Kc5 57. Ke7 Kb6 58. Kf8 Bd5 59. g7 Be6 60.
g8=Q Bxg8 61. Kxg8 Kc7 62. Kf7 Kb7 63. Ke6 Kc7 64. Kd5 Kb6 65. Be2 Kb7 66. Kc5
Kc7 67. Kb4 Kb6 68. Bf1 Kc7 69. Ka5 Kc8 70. Ka6 Kb8 71. Bg2 1-0

[Event "Kenta op Online"]
[Site "chess.com"]
[Date "2020.10.25"]
[Round "3.7"]
[White "Potvin, Alain-Nicolas"]
[Black "Geneau, Antoine"]
[Result "1/2-1/2"]
[WhiteElo "1723"]
[BlackElo "1550"]
[PlyCount "99"]
[EventDate "2020.10.11"]
[EventType "swiss"]
[EventRounds "5"]
[EventCountry "CAN"]

1. d4 Nf6 2. e3 g6 3. Nf3 Bg7 4. Bd3 O-O 5. O-O d6 6. b3 Bg4 7. Bb2 Re8 8. h3
Bc8 9. Nbd2 Nbd7 10. c4 e5 11. dxe5 Nxe5 12. Nxe5 dxe5 13. Ne4 Nxe4 14. Bxe4 c6
15. Qxd8 Rxd8 16. Rad1 Be6 17. Bc2 f5 18. f3 Kf7 19. Kf2 Bh6 20. Ke2 Bg7 21.
Kf2 h6 22. Ke2 Rd7 23. Rxd7+ Bxd7 24. Rd1 Be6 25. g4 Ke7 26. gxf5 gxf5 27. f4
Bf6 28. fxe5 Bh8 29. Ba3+ Kf7 30. Bd6 Rg8 31. Kf2 h5 32. Rg1 Rxg1 33. Kxg1 h4
34. Bd1 Kg6 35. Bf3 Bg7 36. Kf2 Bh6 37. Bg2 Bd7 38. Bf1 b5 39. a4 a6 40. axb5
axb5 41. cxb5 cxb5 42. b4 Kf7 43. Bg2 Ke6 44. e4 fxe4 45. Bxe4 Bg7 46. Ke3 Bxe5
47. Bc5 Kf6 48. Bg2 Be6 49. Bf1 Bd7 50. Bb6 1/2-1/2

[Event "Kenta op Online"]
[Site "chess.com"]
[Date "2020.10.25"]
[Round "3.8"]
[White "Montmarquette, Yves"]
[Black "Courtemanche, Sylvain"]
[Result "0-1"]
[WhiteElo "1475"]
[BlackElo "1440"]
[PlyCount "108"]
[EventDate "2020.10.11"]
[EventType "swiss"]
[EventRounds "5"]
[EventCountry "CAN"]

1. c4 e5 2. g3 Nc6 3. Bg2 f5 4. Nc3 Nf6 5. Nh3 Bb4 6. e3 Bxc3 7. dxc3 d6 8. O-O
O-O 9. f4 e4 10. Nf2 Qe8 11. b3 h5 12. h4 Qg6 13. Kh2 Be6 14. Re1 a5 15. Bf1 a4
16. b4 a3 17. Be2 d5 18. c5 d4 19. cxd4 Nd5 20. Bd2 Ncxb4 21. Nh3 Bf7 22. Ng5
Nd3 23. Rf1 Nb2 24. Qc1 c6 25. Nxf7 Qxf7 26. Bc4 Nxc4 27. Qxc4 Kh8 28. Rab1
Nxe3 29. Qxf7 Nxf1+ 30. Rxf1 Rxf7 31. Bc3 Ra4 32. Rb1 Rc4 33. Rb3 Re7 34. Rxa3
e3 35. d5 cxd5 36. Be5 Rc2+ 37. Kg1 d4 38. Kf1 Rd7 39. Rd3 Rd2 40. Rxd2 exd2
41. Ke2 d1=Q+ 42. Kxd1 d3 43. Kd2 Kg8 44. Bd6 b6 45. Kxd3 bxc5 46. Kc4 Rxd6 47.
Kxc5 Rd3 48. a4 Rxg3 49. a5 Rg4 50. a6 Rxf4 51. Kb6 Ra4 52. a7 Kf7 53. Kb7 f4
54. a8=Q Rxa8 0-1

[Event "Kenta op Online"]
[Site "chess.com"]
[Date "2020.10.25"]
[Round "3.9"]
[White "Loevenich, Anna"]
[Black "Morin, Louis"]
[Result "1-0"]
[WhiteElo "930"]
[BlackElo "1871"]
[PlyCount "67"]
[EventDate "2020.10.11"]
[EventType "swiss"]
[EventRounds "5"]
[EventCountry "CAN"]

1. d4 e5 2. e3 exd4 3. Qxd4 Nc6 4. Qd1 Nf6 5. Bd3 d5 6. Nd2 Bg4 7. Ne2 Ne5 8.
b3 Nxd3+ 9. cxd3 Bd6 10. Bb2 O-O 11. O-O Nh5 12. Qe1 Re8 13. e4 Re6 14. Nd4
dxe4 15. Nxe6 fxe6 16. Qxe4 Bf5 17. Qxb7 Bxd3 18. Rfe1 Nf4 19. Ne4 Rb8 20. Qxa7
Rb4 21. Nxd6 Nh3+ 22. Kh1 Rb6 23. gxh3 Qxd6 24. Qa8+ Kf7 25. Qf3+ Bf5 26. Rad1
Qe7 27. Rd5 Qb4 28. Bc3 Qh4 29. Rxf5+ exf5 30. Qxf5+ Rf6 31. Bxf6 gxf6 32. Qd7+
Kg6 33. Qg4+ Qxg4 34. hxg4 1-0

[Event "Kenta op Online"]
[Site "chess.com"]
[Date "2020.10.25"]
[Round "3.10"]
[White "Cormier, Benoit"]
[Black "Imbeault, Marc"]
[Result "1/2-1/2"]
[WhiteElo "1315"]
[BlackElo "1190"]
[PlyCount "171"]
[EventDate "2020.10.11"]
[EventType "swiss"]
[EventRounds "5"]
[EventCountry "CAN"]

1. e4 d6 2. d4 g6 3. Nf3 Nf6 4. Bd3 Bg7 5. O-O O-O 6. h3 Nc6 7. c3 e5 8. dxe5
Nxe5 9. Nxe5 dxe5 10. Be3 b6 11. Qc2 Bb7 12. Nd2 Qd7 13. Rad1 Rad8 14. Nf3 Nh5
15. Bg5 Rde8 16. a4 Qe6 17. b3 h6 18. Bc1 Qf6 19. Rfe1 Nf4 20. Bb5 Rd8 21. Ba3
Rxd1 22. Rxd1 Rd8 23. Rxd8+ Qxd8 24. Qd2 Qxd2 25. Nxd2 Bf8 26. Bc1 Bg7 27. Bf1
Ne6 28. f3 Bf8 29. b4 Kg7 30. g3 Kf6 31. Kg2 Bc8 32. Bc4 h5 33. Nf1 c6 34. h4
a6 35. Be3 b5 36. axb5 axb5 37. Bb3 c5 38. bxc5 Nxc5 39. Bg5+ Kg7 40. Bd5 Na4
41. Bd2 Ba6 42. Ne3 Bc5 43. Nc2 Nb2 44. Nb4 Bxb4 45. cxb4 Nc4 46. Bc1 Kf6 47.
g4 Ke7 48. g5 f6 49. gxf6+ Kxf6 50. Bg5+ Kg7 51. Kg3 Bc8 52. Bc6 Ba6 53. Be7
Kf7 54. Bd8 Na3 55. Bb6 Ke6 56. Bd5+ Kd7 57. Bc5 Nc2 58. Bf7 Nd4 59. Bxg6 Ne2+
60. Kf2 Nf4 61. Bf5+ Kc6 62. Ke3 Ng2+ 63. Kd2 Nxh4 64. Ke2 Nxf5 65. exf5 Kd7
66. f6 Ke8 67. Be7 Bc8 68. Kf2 Bf5 69. Kg3 e4 70. fxe4 Bxe4 71. Kf4 Bg6 72. Kg5
Bf7 73. Kh6 Kd7 74. Kg7 Ke8 75. Bd6 h4 76. Bh2 h3 77. Bd6 Kd7 78. Bh2 Ke8 79.
Bb8 Be6 80. Bf4 Bf7 81. Kh6 Kd7 82. Kg5 Ke6 83. Bh2 Kd5 84. Kh6 Ke6 85. Kg7 Bh5
86. Bb8 1/2-1/2

[Event "Kenta op Online"]
[Site "chess.com"]
[Date "2020.11.01"]
[Round "4.1"]
[White "Trahan, Daniel"]
[Black "Allard, Laurent"]
[Result "1/2-1/2"]
[WhiteElo "2087"]
[BlackElo "2141"]
[PlyCount "123"]
[EventDate "2020.10.11"]
[EventType "swiss"]
[EventRounds "5"]
[EventCountry "CAN"]

1. d4 Nf6 2. c4 g6 3. Nc3 d5 4. cxd5 Nxd5 5. e4 Nxc3 6. bxc3 Bg7 7. Nf3 c5 8.
Rb1 O-O 9. Be2 b6 10. O-O Qc7 11. Be3 Bb7 12. e5 cxd4 13. cxd4 Bd5 14. Qa4 Qd7
15. Qxd7 Nxd7 16. Bb5 Rfd8 17. a4 Nf8 18. Rfc1 Rac8 19. Ba6 Rxc1+ 20. Rxc1 Ne6
21. Bc8 f6 22. Kf1 Kf7 23. exf6 exf6 24. Ke2 Bf8 25. Ba6 Ba3 26. Rc3 Bb2 27.
Rd3 Ke7 28. Rd2 Bxf3+ 29. Kxf3 Bxd4 30. Bc4 Bxe3 31. Rxd8 Nxd8 32. Kxe3 Ne6 33.
Bb3 g5 34. g3 Kd6 35. f4 Nc5 36. Bc2 h6 37. fxg5 fxg5 38. h4 Ke5 39. hxg5 hxg5
40. Kf3 a6 41. Kg4 Kf6 42. Kf3 b5 43. axb5 axb5 44. Ke3 Ke5 45. Bh7 b4 46. Bg6
b3 47. Bh7 b2 48. Kd2 Ne4+ 49. Kc2 Nxg3 50. Kxb2 Nh1 51. Bd3 g4 52. Bf1 Kf4 53.
Bg2 Nf2 54. Kc2 Ke3 55. Kc3 g3 56. Kc4 Nd3 57. Bh1 Ne1 58. Kc3 Kf2 59. Kd4 Ng2
60. Ke4 Kg1 61. Kf3 Kxh1 62. Kxg3 1/2-1/2

[Event "Kenta op Online"]
[Site "chess.com"]
[Date "2020.11.01"]
[Round "4.2"]
[White "Magner, Wilhelm"]
[Black "Turcotte, Jonathan"]
[Result "0-1"]
[WhiteElo "1459"]
[BlackElo "2035"]
[PlyCount "66"]
[EventDate "2020.10.11"]
[EventType "swiss"]
[EventRounds "5"]
[EventCountry "CAN"]

1. d4 d5 2. Bf4 c5 3. e3 Nc6 4. c3 Nf6 5. Nf3 Qb6 6. Qb3 c4 7. Qc2 Bf5 8. Qc1
e6 9. Nbd2 Be7 10. b3 cxb3 11. axb3 O-O 12. Be2 Rfc8 13. Qd1 Na5 14. c4 dxc4
15. bxc4 Bb4 16. O-O Ne4 17. Nxe4 Bxe4 18. c5 Qd8 19. Qa4 Nc6 20. Ne5 a5 21.
Nc4 g5 22. Bg3 f5 23. Nd6 Bd5 24. Nxc8 Rxc8 25. Rfd1 f4 26. exf4 gxf4 27. Bxf4
Qf6 28. Be3 Kh8 29. Qc2 Rg8 30. Bf1 Qf3 31. Qe2 Rxg2+ 32. Kh1 Rg1+ 33. Kxg1
Qh1# 0-1

[Event "Kenta op Online"]
[Site "chess.com"]
[Date "2020.11.01"]
[Round "4.3"]
[White "Latorre, Vincent"]
[Black "Brassard, Sylvain"]
[Result "1-0"]
[WhiteElo "1941"]
[BlackElo "1694"]
[PlyCount "84"]
[EventDate "2020.10.11"]
[EventType "swiss"]
[EventRounds "5"]
[EventCountry "CAN"]

1. e4 d6 2. d4 Nf6 3. Nc3 e5 4. dxe5 dxe5 5. Qxd8+ Kxd8 6. Bc4 Be6 7. Bxe6 fxe6
8. Nf3 Bd6 9. Be3 Nc6 10. h3 Ke7 11. a3 a6 12. O-O-O Rhd8 13. Kb1 b5 14. Ng1 b4
15. axb4 Bxb4 16. Nge2 Rdb8 17. f3 h6 18. Na4 Rd8 19. Nc5 Nd7 20. Na4 Rab8 21.
b3 Ra8 22. Nc1 Na7 23. Nd3 Bd6 24. c4 Ke8 25. Bxa7 Rxa7 26. c5 Be7 27. c6 Nb8
28. Nxe5 Rxd1+ 29. Rxd1 Bf6 30. Nc4 Nxc6 31. Nc5 Nd8 32. Kc2 Be7 33. Nd3 Nc6
34. Nf4 Kf7 35. e5 g5 36. Nh5 Nb4+ 37. Kb2 Nd5 38. Ng3 Nf4 39. Rd2 Bb4 40. Rd7+
Be7 41. Nd6+ Kf8 42. Nc8 Nd3+ 1-0

[Event "Kenta op Online"]
[Site "chess.com"]
[Date "2020.11.01"]
[Round "4.4"]
[White "Adam, Rafael"]
[Black "Bilodeau-Savaria, Sandy-Rose"]
[Result "1-0"]
[WhiteElo "1907"]
[BlackElo "1537"]
[PlyCount "115"]
[EventDate "2020.10.11"]
[EventType "swiss"]
[EventRounds "5"]
[EventCountry "CAN"]

1. d4 d5 2. c4 e6 3. Nc3 Nf6 4. cxd5 exd5 5. Bg5 c6 6. e3 Be7 7. Bd3 Nbd7 8.
Nge2 O-O 9. Qc2 g6 10. h4 Nh5 11. Bh6 Ng7 12. h5 Qe8 13. Nf4 f5 14. Bxg7 Kxg7
15. Ne6+ Kf7 16. Nc7 Qd8 17. Nxa8 Nf6 18. hxg6+ hxg6 19. Qa4 a6 20. Qb3 b5 21.
a4 Bb7 22. axb5 axb5 23. Kd2 Bxa8 24. Ra7 Qb6 25. Qa2 Bb7 26. Qa5 Qxa5 27. Rxa5
Ke6 28. Ra7 Bc8 29. f3 Rg8 30. Ne2 Bd6 31. Ra8 Nd7 32. b3 Nf6 33. Ke1 Kf7 34.
Kf2 Ke6 35. Rc1 Bd7 36. Rxg8 Nxg8 37. e4 fxe4 38. fxe4 dxe4 39. Bxe4 Ne7 40.
Ng1 Kf6 41. Nf3 Nd5 42. Rh1 Bf5 43. Bxf5 Kxf5 44. Rc1 Nb4 45. Rh1 c5 46. Rh8
Nd3+ 47. Kf1 Nc1 48. Nh4+ Kg5 49. Rd8 Be7 50. Nf3+ Kf6 51. Rb8 b4 52. dxc5 Bxc5
53. Nd2 Kf5 54. Rb5 Nd3 55. g3 Kg4 56. Ne4 Be7 57. Kg2 Bd8 58. Rd5 1-0

[Event "Kenta op Online"]
[Site "chess.com"]
[Date "2020.11.01"]
[Round "4.5"]
[White "Geneau, Antoine"]
[Black "Wang, Rachel"]
[Result "0-1"]
[WhiteElo "1550"]
[BlackElo "1813"]
[PlyCount "78"]
[EventDate "2020.10.11"]
[EventType "swiss"]
[EventRounds "5"]
[EventCountry "CAN"]

1. e4 c5 2. Nc3 Nc6 3. f4 g6 4. d3 Bg7 5. Bd2 e6 6. Nf3 Nge7 7. h4 h5 8. Be3
Nd4 9. Bxd4 cxd4 10. Ne2 Nc6 11. Qd2 d6 12. O-O-O e5 13. g3 Be6 14. Kb1 Rc8 15.
Ng5 Bg4 16. Bh3 Bxh3 17. Nxh3 Qd7 18. Rdf1 a5 19. f5 gxf5 20. Rxf5 Ne7 21. Rf2
d5 22. Qg5 Qg4 23. Qxg4 hxg4 24. Ng5 f6 25. Ne6 Kf7 26. Nxg7 Kxg7 27. Rhf1 Rc6
28. c3 dxc3 29. Nxc3 Rd8 30. h5 dxe4 31. dxe4 Rd3 32. Rg1 Kh6 33. Rh2 f5 34.
Rh4 Rc4 35. Kc2 Rf3 36. Re1 Rxg3 37. exf5 Nxf5 38. Rhh1 e4 39. Rxe4 Rgxc3+ 0-1

[Event "Kenta op Online"]
[Site "chess.com"]
[Date "2020.11.01"]
[Round "4.6"]
[White "Bilodeau-Savaria, Carl-William"]
[Black "Potvin, Alain-Nicolas"]
[Result "1-0"]
[WhiteElo "1568"]
[BlackElo "1723"]
[PlyCount "57"]
[EventDate "2020.10.11"]
[EventType "swiss"]
[EventRounds "5"]
[EventCountry "CAN"]

1. d4 Nf6 2. c4 g6 3. Nc3 Bg7 4. e4 d6 5. h3 O-O 6. Nf3 e5 7. d5 a5 8. Bg5 h6
9. Be3 Na6 10. Be2 Nc5 11. Qc2 Nh5 12. g3 f5 13. Nh4 Qf6 14. Bxh5 gxh5 15. Bxc5
dxc5 16. Nxf5 Bxf5 17. exf5 Qxf5 18. Qxf5 Rxf5 19. Ne4 Bf8 20. Ke2 Bd6 21. Rag1
Kh7 22. g4 Rf4 23. f3 Raf8 24. gxh5 Rxf3 25. Rg6 Be7 26. Rhg1 R8f7 27. Re6 Rxh3
28. Rxe7 Rh2+ 29. Ke1 1-0

[Event "Kenta op Online"]
[Site "chess.com"]
[Date "2020.11.01"]
[Round "4.7"]
[White "Dube, Daniel"]
[Black "Loevenich, Anna"]
[Result "1-0"]
[WhiteElo "1737"]
[BlackElo "930"]
[PlyCount "37"]
[EventDate "2020.10.11"]
[EventType "swiss"]
[EventRounds "5"]
[EventCountry "CAN"]

1. e4 e5 2. Nf3 d6 3. d4 exd4 4. Nxd4 Nf6 5. Nc3 g6 6. Be2 Bg7 7. Be3 Nbd7 8.
f3 Qe7 9. Qd2 a6 10. a4 O-O 11. h4 Nh5 12. g4 Ng3 13. Rh2 Qf6 14. Nd5 Qd8 15.
Bh6 c5 16. Bxg7 Kxg7 17. h5 Nxe2 18. hxg6 fxg6 19. Qh6+ 1-0

[Event "Kenta op Online"]
[Site "chess.com"]
[Date "2020.11.01"]
[Round "4.8"]
[White "Montmarquette, Yves"]
[Black "Potvin-Giroux, Joey"]
[Result "0-1"]
[WhiteElo "1475"]
[BlackElo "1562"]
[PlyCount "76"]
[EventDate "2020.10.11"]
[EventType "swiss"]
[EventRounds "5"]
[EventCountry "CAN"]

1. c4 e6 2. g3 b6 3. Bg2 Nc6 4. Nc3 Bb7 5. Nf3 Be7 6. O-O f5 7. d4 Nf6 8. Bf4
d6 9. Ng5 Qd7 10. d5 exd5 11. Nxd5 h6 12. Nxe7 Qxe7 13. Nf3 g5 14. Bd2 O-O-O
15. Bc3 Ne5 16. Nxe5 Bxg2 17. Ng6 Qg7 18. Nxh8 Bxf1 19. Kxf1 Qxh8 20. e3 Qf8
21. Bxf6 Qxf6 22. Qd4 Qe6 23. Qd5 Qe5 24. Qd4 c5 25. Qxe5 dxe5 26. Ke2 e4 27.
Rd1 Rxd1 28. Kxd1 Kc7 29. Kd2 Kd6 30. a4 a6 31. b3 Ke5 32. Ke2 f4 33. g4 Kf6
34. f3 Ke5 35. h3 fxe3 36. Kxe3 exf3 37. Kxf3 Kd4 38. Ke2 Kc3 0-1

[Event "Kenta op Online"]
[Site "chess.com"]
[Date "2020.11.01"]
[Round "4.9"]
[White "Courtemanche, Sylvain"]
[Black "Cormier, Benoit"]
[Result "1-0"]
[WhiteElo "1440"]
[BlackElo "1315"]
[PlyCount "71"]
[EventDate "2020.10.11"]
[EventType "swiss"]
[EventRounds "5"]
[EventCountry "CAN"]

1. e4 c5 2. Nf3 Nc6 3. d4 cxd4 4. Nxd4 Nf6 5. Nc3 e5 6. Ndb5 d6 7. Bg5 a6 8.
Na3 Be7 9. Nc4 b5 10. Bxf6 gxf6 11. Ne3 Bb7 12. Ncd5 Qa5+ 13. c3 Qd8 14. a4 b4
15. cxb4 Nd4 16. b5 Qa5+ 17. b4 Qd8 18. bxa6 Bxa6 19. Bxa6 Rxa6 20. Qd3 Rc6 21.
b5 Qa5+ 22. Kf1 Rc5 23. Nc4 Qa8 24. b6 Qb7 25. Nc7+ Kd7 26. a5 Qc6 27. Rc1 Bd8
28. f3 Bxc7 29. bxc7 Qxc7 30. Nb6+ Ke6 31. Rxc5 Qxc5 32. Qc4+ Qxc4+ 33. Nxc4
Ra8 34. Kf2 d5 35. exd5+ Kxd5 36. Nb6+ 1-0

[Event "Kenta op Online"]
[Site "chess.com"]
[Date "2020.11.01"]
[Round "4.10"]
[White "Imbeault, Marc"]
[Black "Morin, Louis"]
[Result "0-1"]
[WhiteElo "1190"]
[BlackElo "1871"]
[PlyCount "108"]
[EventDate "2020.10.11"]
[EventType "swiss"]
[EventRounds "5"]
[EventCountry "CAN"]

1. e4 e5 2. Nf3 d6 3. Bc4 Be6 4. Qe2 Qd7 5. O-O Nc6 6. Bxe6 fxe6 7. Nc3 g6 8.
d3 Bh6 9. Be3 Bxe3 10. Qxe3 Nf6 11. Ne2 O-O 12. Qd2 Nh5 13. d4 exd4 14. Nexd4
e5 15. Ne2 Rxf3 16. gxf3 Qh3 17. Qg5 Qxf3 18. Qe3 Qg4+ 19. Kh1 Rf8 20. Rg1 Qh4
21. Raf1 Kh8 22. c3 a6 23. h3 Nd8 24. Rg4 Qf6 25. Qh6 Ne6 26. Ng3 Qf3+ 27. Kg1
Nhf4 28. Rxf4 Rxf4 29. Nf5 Qxe4 30. Ng3 Qc2 31. Nh5 gxh5 32. Qxe6 Qg6+ 33. Qxg6
hxg6 34. Kg2 Kg7 35. Re1 Kf6 36. Kg3 g5 37. Re2 Kf5 38. Kg2 g4 39. Re3 e4 40.
Kg3 Rf3+ 41. Rxf3+ gxf3 42. b4 h4+ 43. Kh2 d5 44. a4 Kf4 45. b5 axb5 46. axb5
c5 47. bxc6 bxc6 48. Kg1 c5 49. Kf1 d4 50. cxd4 cxd4 51. Ke1 e3 52. fxe3+ dxe3
53. Kf1 Kg3 54. Kg1 e2 0-1

[Event "Kenta op Online"]
[Site "chess.com"]
[Date "2020.11.08"]
[Round "5.1"]
[White "Allard, Laurent"]
[Black "Turcotte, Jonathan"]
[Result "1-0"]
[WhiteElo "2141"]
[BlackElo "2035"]
[PlyCount "71"]
[EventDate "2020.10.11"]
[EventType "swiss"]
[EventRounds "5"]
[EventCountry "CAN"]

1. e4 c6 2. d4 d5 3. Nd2 dxe4 4. Nxe4 Bf5 5. Ng3 Bg6 6. h4 h6 7. Nf3 Nd7 8. h5
Bh7 9. Bd3 Bxd3 10. Qxd3 e6 11. Bd2 Ngf6 12. O-O-O Be7 13. Kb1 O-O 14. Ne4 Nxe4
15. Qxe4 Nf6 16. Qe2 Qd5 17. Ne5 Qe4 18. Qxe4 Nxe4 19. Be1 Rfd8 20. f3 Nf6 21.
Bf2 Rac8 22. g4 c5 23. dxc5 Rd5 24. Rxd5 Nxd5 25. c4 Nf4 26. Rd1 Bxc5 27. Bxc5
Rxc5 28. Rd8+ Kh7 29. Nxf7 g6 30. hxg6+ Kxg6 31. Nd6 Rc7 32. Kc2 a6 33. Kd2 e5
34. Ke3 Ne6 35. Rg8+ Kh7 36. Rb8 1-0

[Event "Kenta op Online"]
[Site "chess.com"]
[Date "2020.11.08"]
[Round "5.2"]
[White "Latorre, Vincent"]
[Black "Trahan, Daniel"]
[Result "1/2-1/2"]
[WhiteElo "1941"]
[BlackElo "2087"]
[PlyCount "56"]
[EventDate "2020.10.11"]
[EventType "swiss"]
[EventRounds "5"]
[EventCountry "CAN"]

1. e4 c5 2. Nf3 Nc6 3. d4 cxd4 4. Nxd4 Nf6 5. Nc3 d6 6. Bg5 e6 7. Qd2 a6 8.
O-O-O h6 9. Bf4 Bd7 10. Nxc6 Bxc6 11. f3 d5 12. Qe1 Bb4 13. a3 Bxc3 14. Qxc3
O-O 15. e5 Nd7 16. Bd3 Bb5 17. Kb1 Rc8 18. Qd4 Qc7 19. Rhe1 Bxd3 20. Qxd3 b5
21. Bg3 a5 22. b3 Qc5 23. Kb2 Nb6 24. Re2 Rb8 25. Bf2 Qc6 26. Bxb6 Qxb6 27. Qd4
Qxd4+ 28. Rxd4 Rfc8 1/2-1/2

[Event "Kenta op Online"]
[Site "chess.com"]
[Date "2020.11.08"]
[Round "5.4"]
[White "Bilodeau-Savaria, Carl-William"]
[Black "Magner, Wilhelm"]
[Result "1-0"]
[WhiteElo "1568"]
[BlackElo "1459"]
[PlyCount "163"]
[EventDate "2020.10.11"]
[EventType "swiss"]
[EventRounds "5"]
[EventCountry "CAN"]

1. d4 d5 2. c4 e6 3. Nf3 Nf6 4. Nc3 Be7 5. e3 O-O 6. Bd3 dxc4 7. Bxc4 a6 8. O-O
b5 9. Bd3 Bb7 10. Qe2 c5 11. dxc5 Bxc5 12. Rd1 Qe7 13. a3 Nbd7 14. b4 Bb6 15.
Bb2 Rfd8 16. Rac1 Rac8 17. Bb1 Nf8 18. Ne5 Nd5 19. Nxd5 Bxd5 20. Qg4 f6 21.
Rxc8 Rxc8 22. Rxd5 fxe5 23. Rd1 Bc7 24. Qe4 Rd8 25. Rc1 Qd6 26. Qc2 Bb8 27. g3
Qd2 28. Kg2 Kf7 29. Ba2 Kf6 30. Bb1 Kf7 31. Qxd2 Rxd2 32. Bc3 Rd7 33. Ba1 Ng6
34. Be4 Ne7 35. Rc5 Bd6 36. Rc2 Bb8 37. Kf3 Kf6 38. Ra2 g6 39. Bc3 Nd5 40. Be1
Nb6 41. Rc2 Nc4 42. a4 Nd6 43. axb5 Nxe4 44. Kxe4 axb5 45. Rc5 Rb7 46. Bc3 Ba7
47. Rxe5 Kf7 48. Bd4 Bb8 49. Rc5 Bd6 50. Rc8 Bxb4 51. Rh8 Re7 52. Rxh7+ Kf8 53.
Rh8+ Kf7 54. Rb8 Be1 55. f4 b4 56. Bc5 Rc7 57. Kd4 Rd7+ 58. Kc4 Bd2 59. e4 Bc3
60. Bxb4 Bg7 61. e5 Rc7+ 62. Kd3 Rd7+ 63. Bd6 g5 64. Rc8 gxf4 65. gxf4 Kg6 66.
Ke4 Ra7 67. Bc5 Ra4+ 68. Bd4 Ra2 69. Rc6 Kf7 70. Rc7+ Kg6 71. Re7 Ra6 72. Rxe6+
Rxe6 73. f5+ Kf7 74. fxe6+ Kxe6 75. h4 Bh6 76. Bc3 Bf8 77. Kf4 Bg7 78. Kg5 Bxe5
79. Bxe5 Kxe5 80. h5 Ke6 81. Kg6 Ke7 82. Kg7 1-0

[Event "Kenta op Online"]
[Site "chess.com"]
[Date "2020.11.08"]
[Round "5.5"]
[White "Potvin-Giroux, Joey"]
[Black "Dube, Daniel"]
[Result "1-0"]
[WhiteElo "1562"]
[BlackElo "1737"]
[PlyCount "65"]
[EventDate "2020.10.11"]
[EventType "swiss"]
[EventRounds "5"]
[EventCountry "CAN"]

1. e4 c5 2. Nf3 Nc6 3. d4 cxd4 4. Nxd4 Nf6 5. Nc3 d6 6. Bg5 e6 7. f4 h6 8. Bh4
Be7 9. Bf2 Bd7 10. Ndb5 Qb8 11. Bc4 a6 12. Nd4 Nxd4 13. Bxd4 b5 14. Bb3 b4 15.
Bxf6 Bxf6 16. Na4 O-O 17. O-O Bxa4 18. Bxa4 Bxb2 19. Rb1 Qb6+ 20. Kh1 Bc3 21.
a3 a5 22. axb4 axb4 23. Bb3 Qe3 24. f5 exf5 25. exf5 Rae8 26. Qxd6 Rd8 27. Qc7
Rd2 28. Rbe1 Qg5 29. Qc6 h5 30. Re8 Qxg2+ 31. Qxg2 Rxg2 32. Rxf8+ Kxf8 33. Kxg2
1-0

[Event "Kenta op Online"]
[Site "chess.com"]
[Date "2020.11.08"]
[Round "5.6"]
[White "Brassard, Sylvain"]
[Black "Bilodeau-Savaria, Sandy-Rose"]
[Result "0-1"]
[WhiteElo "1694"]
[BlackElo "1537"]
[PlyCount "34"]
[EventDate "2020.10.11"]
[EventType "swiss"]
[EventRounds "5"]
[EventCountry "CAN"]

1. d4 d5 2. Bf4 Nf6 3. e3 Bf5 4. Nf3 e6 5. Bd3 Bxd3 6. Qxd3 Bd6 7. Bxd6 cxd6 8.
O-O O-O 9. Nbd2 Nbd7 10. e4 dxe4 11. Nxe4 Qb6 12. Nfd2 Qc6 13. c3 Nxe4 14. Nxe4
f5 15. Nd2 Rae8 16. Qc4 Nb6 17. Qxc6 bxc6 0-1